El estado mundial de la agricultura y la alimentación 2009

Guardat en:
Dades bibliogràfiques
Autor corporatiu: FAO (Autor)
Format: Llibre
Idioma:espanyol
Publicat: Roma FAO 2009
Matèries:
Etiquetes: Afegir etiqueta
Sense etiquetes, Sigues el primer a etiquetar aquest registre!

MARC

LEADER 00000nam a2200000 a 4500
001 UCG0655
003 CL-VaPUC
008 100401e20090000IT |||||||||||||||||spa|d
020 |a 9789253062157 
082 0 4 |a 338.1  |b FAO  |2 21 
110 2 |a FAO  |e author  |9 548122 
245 1 3 |a El estado mundial de la agricultura y la alimentación 2009 
300 |a 184 p 
942 |c BK 
945 |d 20100401 00:00:00  |a rbrito 
260 |a Roma  |b FAO  |c 2009 
650 7 |a DESARROLLO AGRICOLA  |2 CL-VaPUC  |9 259759 
650 7 |a PRODUCCION ALIMENTARIA  |2 CL-VaPUC  |9 341875 
650 7 |a PRODUCCION GANADERA  |2 CL-VaPUC  |9 473874 
650 0 |a Agricultura  |9 255598 
650 0 |a Ganadería  |9 264177 
650 7 |a GANADO BOVINO  |2 CL-VaPUC  |9 402898 
583 |a last modification  |c 20130325 06:23:58  |k Rodrigo Vera 
999 |c 340214  |d 340212 
952 |0 0  |1 0  |4 0  |6 338_100000000000000_FAO_2009  |7 0  |8 A  |9 434765  |a BIBAGR  |b BIBAGR  |d 2019-11-22  |i 4657276  |o 338.1 FAO 2009  |p 4657276  |r 2025-01-20  |w 2019-11-22  |y BK  |k AGR